Investitionsplanung für Prozessinnovationen <Eine> Analyse am Beispiel von PAC-Systemen

Na minha lista:
Detalhes bibliográficos
Autor principal: Puke, Stephan
Formato: Livro
Idioma:alemão
Publicado em: Wiesbaden Deutscher Universitäts Verlag 1996
Edição:1. Aufl.
Assuntos:
Tags: Adicionar Tag
Sem tags, seja o primeiro a adicionar uma tag!

MARC

LEADER 00000nam a2200000 4500
001 c017693
005 20221205125330.6
020 |a 3-8244-0281-5 
041 0 |a ger 
044 |a DE 
245 1 0 |a Investitionsplanung für Prozessinnovationen  |b <Eine> Analyse am Beispiel von PAC-Systemen  |c Stephan Puke 
250 |a 1. Aufl. 
264 1 |a Wiesbaden  |b Deutscher Universitäts Verlag  |c 1996 
300 |a 284 s. 
610 2 0 |a podnik 
610 2 0 |a inovácia 
610 2 0 |a plánovanie 
610 2 0 |a nemocnice 
610 2 0 |a komunikácia 
610 2 0 |a systémy počítačové telekomunikačné 
610 2 0 |a siete počítačové 
610 2 0 |a archívy 
610 2 0 |a modelovanie 
610 2 0 |a modely simulačné 
610 2 0 |a riziko 
610 2 0 |a rozhodovanie 
610 2 0 |a analýzy 
610 2 0 |a investície rozvojové 
100 1 |a Puke, Stephan